[Event "Baku Chess Olympiad | Open"]
[Site "chess24.com"]
[Date "2016.09.10"]
[Round "8"]
[White "Fier, Alexandr"]
[Black "Nikolov, Momchil"]
[Result "1-0"]
[Board "1"]
[WhiteID "2107139"]
[WhiteElo "2634"]
[WhiteTitle "GM"]
[WhiteCountry "BRA"]
[WhiteFideId "2107139"]
[WhiteEloChange "4"]
[BlackID "2905710"]
[BlackElo "2585"]
[BlackTitle "GM"]
[BlackCountry "BUL"]
[BlackFideId "2905710"]
[BlackEloChange "-4"]

1. d4 {[%clk 1:30:57]} Nf6 {[%clk 1:30:53]} 2. c4 {[%clk 1:31:22]} e6 {[%clk
1:31:17]} 3. Nf3 {[%clk 1:31:48]} d5 {[%clk 1:31:32]} 4. Nc3 {[%clk 1:32:14]} c5
{[%clk 1:31:52]} 5. e3 {[%clk 1:32:40]} Nc6 {[%clk 1:31:10]} 6. cxd5 {[%clk
1:33:06]} exd5 {[%clk 1:28:51]} 7. Bb5 {[%clk 1:33:31]} cxd4 {[%clk 1:22:44]} 8.
Nxd4 {[%clk 1:29:48]} Bd7 {[%clk 1:22:34]} 9. O-O {[%clk 1:30:09]} Bd6 {[%clk
1:19:11]} 10. Nf3 {[%clk 1:30:09]} Be6 {[%clk 1:07:35]} 11. b3 {[%clk 1:22:46]}
O-O {[%clk 1:06:43]} 12. Bb2 {[%clk 1:23:13]} a6 {[%clk 1:04:53]} 13. Bxc6 {[%clk
1:16:24]} bxc6 {[%clk 1:05:16]} 14. Rc1 {[%clk 1:16:53]} c5 {[%clk 1:02:14]} 15.
Na4 {[%clk 1:16:13]} Ne4 {[%clk 1:00:46]} 16. Nd2 {[%clk 1:14:22]} Qh4 {[%clk
0:44:44]} 17. f4 {[%clk 1:12:03]} Bg4 {[%clk 0:40:03]} 18. Nf3 {[%clk 1:12:05]}
Qh5 {[%clk 0:39:53]} 19. Nb6 {[%clk 1:11:00]} Rad8 {[%clk 0:37:05]} 20. Qxd5
{[%clk 1:10:53]} Bf5 {[%clk 0:27:59]} 21. Qc6 {[%clk 1:10:46]} Qh6 {[%clk
0:15:36]} 22. Be5 {[%clk 1:10:20]} Qe6 {[%clk 0:15:13]} 23. Nc4 {[%clk 1:06:14]}
Rc8 {[%clk 0:13:14]} 24. Qa4 {[%clk 1:06:07]} Be7 {[%clk 0:12:27]} 25. Ba1 {[%clk
1:03:01]} h5 {[%clk 0:12:02]} 26. Nce5 {[%clk 1:00:18]} h4 {[%clk 0:07:44]} 27.
Qc4 {[%clk 1:00:10]} h3 {[%clk 0:06:33]} 28. g4 {[%clk 1:00:03]} Bxg4 {[%clk
0:05:35]} 29. Qxe4 {[%clk 1:00:28]} f6 {[%clk 0:05:34]} 30. Qc4 {[%clk 0:59:47]}
fxe5 {[%clk 0:05:55]} 31. Nxe5 {[%clk 0:59:47]} Qxc4 {[%clk 0:05:03]} 32. Nxc4
{[%clk 0:59:56]} Bf5 {[%clk 0:04:00]} 33. e4 {[%clk 1:00:02]} Bd7 {[%clk
0:02:51]} 34. Nb6 {[%clk 1:00:02]} Rcd8 {[%clk 0:03:15]} 35. Nxd7 {[%clk
0:57:47]} Rxd7 {[%clk 0:03:44]} 36. Rc3 {[%clk 0:58:12]} Rd2 {[%clk 0:03:41]} 37.
Rxh3 {[%clk 0:58:24]} Rxa2 {[%clk 0:02:24]} 38. Rg3 {[%clk 0:58:42]} Rf7 {[%clk
0:01:49]} 39. f5 {[%clk 0:59:07]} Bd6 {[%clk 0:00:45]} 40. Rg2 {[%clk 1:29:29]}
Rxg2+ {[%clk 0:30:44]} 41. Kxg2 {[%clk 1:29:56]} Rb7 {[%clk 0:23:00]} 42. e5
{[%clk 1:29:37]} Be7 {[%clk 0:23:07]} 43. Rf3 {[%clk 1:29:33]} Rb4 {[%clk
0:23:14]} 44. Rg3 {[%clk 1:27:57]} Kf8 {[%clk 0:21:06]} 45. e6 {[%clk 1:27:53]}
Bf6 {[%clk 0:20:54]} 46. Bxf6 {[%clk 1:28:07]} gxf6 {[%clk 0:21:22]} 47. Rc3
{[%clk 1:24:46]} Rb5 {[%clk 0:20:53]} 48. Kg3 {[%clk 1:21:00]} Ke7 {[%clk
0:15:54]} 49. Kg4 {[%clk 1:21:19]} Kd6 {[%clk 0:05:57]} 50. Rd3+ {[%clk 1:21:10]}
Ke7 {[%clk 0:06:13]} 51. Rd5 {[%clk 1:09:52]} Ke8 {[%clk 0:01:49]} 52. Kh5 {[%clk
1:06:22]} c4 {[%clk 0:01:37]} 53. bxc4 {[%clk 1:06:50]} Rxd5 {[%clk 0:01:58]} 54.
cxd5 {[%clk 1:07:18]} a5 {[%clk 0:02:15]} 55. d6 {[%clk 1:07:44]} a4 {[%clk
0:02:40]} 56. d7+ {[%clk 1:08:10]} Ke7 {[%clk 0:02:21]} 57. Kg6 {[%clk 1:08:36]}
a3 {[%clk 0:02:32]} 58. d8Q+ {[%clk 1:09:03]} Kxd8 {[%clk 0:02:55]} 59. Kf7
{[%clk 1:09:31]} a2 {[%clk 0:03:15]} 60. e7+ {[%clk 1:09:59]} Kc7 {[%clk
0:03:38]} 61. e8Q {[%clk 1:10:25]} a1Q {[%clk 0:03:58]} 62. Qe7+ {[%clk 1:10:53]}
Kb8 {[%clk 0:04:07]} 63. h4 {[%clk 1:10:22]} 1-0

[Event "Baku Chess Olympiad | Open"]
[Site "chess24.com"]
[Date "2016.09.10"]
[Round "8"]
[White "El Debs, Felipe de Cresce"]
[Black "Rusev, Krasimir"]
[Result "1/2-1/2"]
[Board "3"]
[WhiteID "2106981"]
[WhiteElo "2523"]
[WhiteTitle "GM"]
[WhiteCountry "BRA"]
[WhiteFideId "2106981"]
[BlackID "2905434"]
[BlackElo "2548"]
[BlackTitle "GM"]
[BlackCountry "BUL"]
[BlackFideId "2905434"]

1. e4 {[%clk 1:30:54]} e6 {[%clk 1:30:20]} 2. d4 {[%clk 1:31:12]} d5 {[%clk
1:30:45]} 3. Nd2 {[%clk 1:31:31]} c5 {[%clk 1:30:52]} 4. c3 {[%clk 1:30:31]} cxd4
{[%clk 1:31:06]} 5. cxd4 {[%clk 1:30:53]} dxe4 {[%clk 1:31:32]} 6. Nxe4 {[%clk
1:31:11]} Nf6 {[%clk 1:31:57]} 7. Bd3 {[%clk 1:27:31]} Bd7 {[%clk 1:32:26]} 8.
Nc3 {[%clk 1:26:16]} Bc6 {[%clk 1:32:44]} 9. Nf3 {[%clk 1:26:29]} Nbd7 {[%clk
1:33:09]} 10. O-O {[%clk 1:26:23]} Be7 {[%clk 1:33:35]} 11. Re1 {[%clk 1:24:19]}
O-O {[%clk 1:34:01]} 12. Bc2 {[%clk 1:21:03]} Qb6 {[%clk 1:31:17]} 13. Qe2 {[%clk
1:21:03]} Rfe8 {[%clk 1:13:53]} 14. Bg5 {[%clk 1:00:07]} Nd5 {[%clk 1:04:20]} 15.
Qd3 {[%clk 0:43:47]} Nf8 {[%clk 0:58:25]} 16. Bxe7 {[%clk 0:36:24]} Rxe7 {[%clk
0:56:51]} 17. Bb3 {[%clk 0:32:37]} Rd8 {[%clk 0:52:50]} 18. Nxd5 {[%clk 0:29:27]}
Bxd5 {[%clk 0:53:17]} 19. Bxd5 {[%clk 0:29:39]} Rxd5 {[%clk 0:53:45]} 20. Rac1
{[%clk 0:29:38]} Red7 {[%clk 0:42:13]} 21. b3 {[%clk 0:23:53]} Ng6 {[%clk
0:38:53]} 22. Rc8+ {[%clk 0:23:14]} Rd8 {[%clk 0:39:20]} 23. Rec1 {[%clk
0:23:21]} Ne7 {[%clk 0:37:03]} 24. Rxd8+ {[%clk 0:23:21]} Qxd8 {[%clk 0:35:50]}
25. Qe4 {[%clk 0:21:32]} Nc6 {[%clk 0:30:14]} 26. g3 {[%clk 0:21:33]} g6 {[%clk
0:28:47]} 27. Kg2 {[%clk 0:21:25]} Qd6 {[%clk 0:28:28]} 28. h4 {[%clk 0:18:29]}
Kg7 {[%clk 0:26:54]} 29. Rc2 {[%clk 0:18:29]} h6 {[%clk 0:24:28]} 30. Rc1 {[%clk
0:15:37]} a6 {[%clk 0:24:21]} 31. Rc2 {[%clk 0:15:39]} b5 {[%clk 0:15:21]} 32.
Rc1 {[%clk 0:12:23]} Nxd4 {[%clk 0:13:25]} 33. Nxd4 {[%clk 0:12:45]} Rxd4 {[%clk
0:13:51]} 34. Rc6 {[%clk 0:13:06]} Rxe4 {[%clk 0:12:07]} 35. Rxd6 {[%clk
0:13:31]} a5 {[%clk 0:12:33]} 36. Rb6 {[%clk 0:11:40]} Re5 {[%clk 0:11:26]} 37.
a3 {[%clk 0:08:38]} Rd5 {[%clk 0:10:41]} 38. Ra6 {[%clk 0:07:19]} b4 {[%clk
0:10:51]} 39. axb4 {[%clk 0:07:47]} axb4 {[%clk 0:11:14]} 40. Rb6 {[%clk
0:38:12]} Rd4 {[%clk 0:41:38]} 41. Kf1 {[%clk 0:34:11]} g5 {[%clk 0:30:59]} 42.
hxg5 {[%clk 0:34:28]} hxg5 {[%clk 0:31:24]} 43. Ke2 {[%clk 0:33:03]} e5 {[%clk
0:25:36]} 44. Ke3 {[%clk 0:31:28]} f5 {[%clk 0:23:33]} 45. Re6 {[%clk 0:26:11]}
Re4+ {[%clk 0:23:49]} 46. Kd3 {[%clk 0:26:26]} Kf7 {[%clk 0:24:09]} 47. Rb6
{[%clk 0:25:19]} Rd4+ {[%clk 0:23:24]} 48. Ke3 {[%clk 0:25:37]} Ke7 {[%clk
0:21:35]} 49. Rg6 {[%clk 0:22:52]} Rd6 {[%clk 0:10:18]} 50. Rxg5 {[%clk 0:19:41]}
Kf6 {[%clk 0:10:46]} 51. Rh5 {[%clk 0:20:02]} Rd1 {[%clk 0:07:05]} 52. Rh6+
{[%clk 0:20:05]} Kg5 {[%clk 0:07:33]} 53. Rb6 {[%clk 0:20:01]} Re1+ {[%clk
0:07:56]} 54. Kd2 {[%clk 0:19:37]} Re4 {[%clk 0:08:05]} 55. f3 {[%clk 0:19:38]}
Rd4+ {[%clk 0:08:27]} 56. Ke3 {[%clk 0:20:02]} f4+ {[%clk 0:07:24]} 57. gxf4+
{[%clk 0:19:25]} Rxf4 {[%clk 0:07:52]} 58. Rb8 {[%clk 0:19:41]} Rd4 {[%clk
0:04:56]} 59. Rg8+ {[%clk 0:19:47]} Kf5 {[%clk 0:05:25]} 60. Rg4 {[%clk 0:19:54]}
Rd1 {[%clk 0:05:54]} 61. Rxb4 {[%clk 0:20:15]} Re1+ {[%clk 0:06:06]} 62. Kf2
{[%clk 0:20:32]} Rb1 {[%clk 0:06:32]} 63. Ke2 {[%clk 0:20:00]} Ke6 {[%clk
0:06:24]} 64. Rb8 {[%clk 0:20:07]} Kf5 {[%clk 0:06:00]} 65. Rb6 {[%clk 0:20:05]}
Kf4 {[%clk 0:06:04]} 66. Rb4+ {[%clk 0:20:18]} Kf5 {[%clk 0:06:32]} 67. Kf2
{[%clk 0:19:57]} Ke6 {[%clk 0:06:46]} 68. Rb8 {[%clk 0:20:08]} Kf5 {[%clk
0:07:01]} 69. Ke3 {[%clk 0:18:44]} Re1+ {[%clk 0:06:32]} 70. Kd2 {[%clk 0:18:59]}
Rf1 {[%clk 0:06:42]} 71. Rf8+ {[%clk 0:19:08]} Ke6 {[%clk 0:07:08]} 72. Kd3
{[%clk 0:17:15]} Ke7 {[%clk 0:06:46]} 73. Ke2 {[%clk 0:17:29]} Rb1 {[%clk
0:07:14]} 74. Rb8 {[%clk 0:17:52]} Ke6 {[%clk 0:07:41]} 75. Kd3 {[%clk 0:17:05]}
Rf1 {[%clk 0:07:43]} 76. Re8+ {[%clk 0:17:18]} Kf5 {[%clk 0:07:03]} 77. Rf8+
{[%clk 0:17:28]} Ke6 {[%clk 0:07:31]} 78. b4 {[%clk 0:17:36]} Ke7 {[%clk
0:07:51]} 79. Ke2 {[%clk 0:18:00]} Rb1 {[%clk 0:08:18]} 80. Rb8 {[%clk 0:18:26]}
Kd6 {[%clk 0:07:30]} 81. Kd3 {[%clk 0:17:46]} Rd1+ {[%clk 0:05:51]} 82. Ke4
{[%clk 0:16:54]} Rd4+ {[%clk 0:06:11]} 83. Ke3 {[%clk 0:17:18]} Rc4 {[%clk
0:06:00]} 84. b5 {[%clk 0:17:16]} Rc3+ {[%clk 0:03:01]} 85. Ke4 {[%clk 0:17:40]}
Rc4+ {[%clk 0:03:30]} 86. Kd3 {[%clk 0:18:04]} Rd4+ {[%clk 0:03:58]} 87. Ke3
{[%clk 0:18:20]} Rb4 {[%clk 0:04:26]} 88. b6 {[%clk 0:18:10]} Rb3+ {[%clk
0:03:34]} 89. Ke4 {[%clk 0:11:07]} Rb4+ {[%clk 0:04:03]} 90. Kd3 {[%clk 0:11:29]}
Rb3+ {[%clk 0:02:24]} 91. Kc4 {[%clk 0:11:54]} Rxf3 {[%clk 0:02:49]} 92. Rc8
{[%clk 0:12:19]} Rf7 {[%clk 0:03:14]} 93. Kb5 {[%clk 0:12:41]} e4 {[%clk
0:03:40]} 94. Rc6+ {[%clk 0:08:12]} Ke5 {[%clk 0:03:23]} 95. Rc7 {[%clk 0:07:55]}
Rf1 {[%clk 0:03:17]} 96. Rc5+ {[%clk 0:06:27]} Kf4 {[%clk 0:01:38]} 97. Rc4
{[%clk 0:06:47]} Rb1+ {[%clk 0:01:37]} 98. Rb4 {[%clk 0:07:05]} Rh1 {[%clk
0:01:56]} 99. b7 {[%clk 0:07:27]} Rh8 {[%clk 0:02:21]} 100. Kc4 {[%clk 0:04:22]}
Rb8 {[%clk 0:02:32]} 101. Kd5 {[%clk 0:02:36]} Kf3 {[%clk 0:02:52]} 102. Kc6
{[%clk 0:02:57]} e3 {[%clk 0:03:17]} 103. Kc7 {[%clk 0:03:18]} Rxb7+ {[%clk
0:03:45]} 104. Kxb7 {[%clk 0:03:36]} e2 {[%clk 0:04:13]} 105. Rb1 {[%clk
0:03:59]} Kf2 {[%clk 0:04:40]} 106. Ka8 {[%clk 0:04:26]} e1R {[%clk 0:05:04]}
107. Rxe1 {[%clk 0:04:51]} Kxe1 {[%clk 0:05:29]} 1/2-1/2

[Event "Baku Chess Olympiad | Open"]
[Site "chess24.com"]
[Date "2016.09.10"]
[Round "8"]
[White "Rodgaard, John"]
[Black "Stojanovic, Dalibor"]
[Result "1/2-1/2"]
[Board "2"]
[WhiteID "7200013"]
[WhiteElo "2345"]
[WhiteTitle "IM"]
[WhiteCountry "FAI"]
[WhiteFideId "7200013"]
[WhiteEloChange "4"]
[BlackID "922692"]
[BlackElo "2505"]
[BlackTitle "GM"]
[BlackCountry "BIH"]
[BlackFideId "922692"]
[BlackEloChange "-2"]

1. c4 {[%clk 1:30:51]} g6 {[%clk 1:30:35]} 2. e4 {[%clk 1:26:47]} d6 {[%clk
1:30:38]} 3. d4 {[%clk 1:26:59]} Bg7 {[%clk 1:30:38]} 4. Nc3 {[%clk 1:26:19]} Nf6
{[%clk 1:30:40]} 5. Nf3 {[%clk 1:26:20]} O-O {[%clk 1:30:51]} 6. Be2 {[%clk
1:26:16]} Bg4 {[%clk 1:29:47]} 7. Be3 {[%clk 1:22:40]} Nfd7 {[%clk 1:28:08]} 8.
Ng1 {[%clk 1:21:20]} Bxe2 {[%clk 1:28:30]} 9. Ngxe2 {[%clk 1:21:32]} a6 {[%clk
1:25:51]} 10. O-O {[%clk 1:19:10]} c5 {[%clk 1:24:55]} 11. f3 {[%clk 1:06:24]}
Nc6 {[%clk 1:18:40]} 12. Qd2 {[%clk 0:59:55]} Qa5 {[%clk 1:08:34]} 13. dxc5
{[%clk 0:48:40]} Nde5 {[%clk 1:07:17]} 14. cxd6 {[%clk 0:41:15]} Nxc4 {[%clk
1:07:14]} 15. Qc1 {[%clk 0:41:27]} Nxe3 {[%clk 0:46:21]} 16. dxe7 {[%clk
0:33:27]} Nxf1 {[%clk 0:46:01]} 17. exf8Q+ {[%clk 0:33:36]} Rxf8 {[%clk 0:46:19]}
18. Kxf1 {[%clk 0:31:20]} Ne5 {[%clk 0:44:23]} 19. Nd5 {[%clk 0:16:14]} f5 {[%clk
0:39:17]} 20. Qc3 {[%clk 0:15:23]} Qd8 {[%clk 0:32:12]} 21. Qb3 {[%clk 0:14:50]}
fxe4 {[%clk 0:31:59]} 22. Nf6+ {[%clk 0:11:35]} Kh8 {[%clk 0:32:18]} 23. Nxe4
{[%clk 0:11:58]} b5 {[%clk 0:30:27]} 24. a4 {[%clk 0:09:41]} Qb6 {[%clk 0:27:44]}
25. axb5 {[%clk 0:09:49]} axb5 {[%clk 0:27:20]} 26. Qd5 {[%clk 0:08:07]} Nc4
{[%clk 0:21:33]} 27. Qc5 {[%clk 0:08:31]} Qxc5 {[%clk 0:14:36]} 28. Nxc5 {[%clk
0:08:59]} Bxb2 {[%clk 0:15:00]} 29. Ra7 {[%clk 0:08:36]} Re8 {[%clk 0:14:46]} 30.
Rb7 {[%clk 0:06:53]} Ne3+ {[%clk 0:11:50]} 31. Kf2 {[%clk 0:07:15]} Nd1+ {[%clk
0:10:46]} 32. Kf1 {[%clk 0:07:18]} Ne3+ {[%clk 0:10:34]} 33. Kf2 {[%clk 0:07:46]}
Nd1+ {[%clk 0:10:49]} 34. Kf1 {[%clk 0:08:03]} Ne3+ {[%clk 0:11:15]} 1/2-1/2

[Event "Baku Chess Olympiad | Open"]
[Site "chess24.com"]
[Date "2016.09.10"]
[Round "8"]
[White "Jezov, Roman"]
[Black "Butnorius, Algimantas"]
[Result "0-1"]
[Board "4"]
[WhiteID "4502078"]
[WhiteElo "2283"]
[WhiteTitle "FM"]
[WhiteCountry "EST"]
[WhiteFideId "4502078"]
[WhiteEloChange "-8"]
[BlackID "12800066"]
[BlackElo "2348"]
[BlackTitle "GM"]
[BlackCountry "MNC"]
[BlackFideId "12800066"]
[BlackEloChange "8"]

1. e4 {[%clk 1:30:57]} e5 {[%clk 1:30:51]} 2. Nf3 {[%clk 1:31:21]} Nc6 {[%clk
1:31:17]} 3. Nc3 {[%clk 1:31:33]} Nf6 {[%clk 1:31:23]} 4. Bb5 {[%clk 1:31:54]}
Bb4 {[%clk 1:31:37]} 5. O-O {[%clk 1:32:16]} O-O {[%clk 1:31:40]} 6. d3 {[%clk
1:32:22]} Bxc3 {[%clk 1:28:09]} 7. bxc3 {[%clk 1:32:26]} d6 {[%clk 1:28:33]} 8.
Bg5 {[%clk 1:31:13]} Qe7 {[%clk 1:28:10]} 9. Re1 {[%clk 1:30:58]} Nd8 {[%clk
1:28:19]} 10. d4 {[%clk 1:31:19]} Ne6 {[%clk 1:28:01]} 11. Bc1 {[%clk 1:31:41]}
c5 {[%clk 1:27:49]} 12. Bc4 {[%clk 1:31:15]} Qc7 {[%clk 1:25:08]} 13. dxe5 {[%clk
1:30:17]} dxe5 {[%clk 1:25:26]} 14. Bd5 {[%clk 1:30:44]} Rd8 {[%clk 1:09:54]} 15.
c4 {[%clk 1:29:50]} Rb8 {[%clk 1:09:28]} 16. a4 {[%clk 1:29:11]} b6 {[%clk
1:09:10]} 17. Bd2 {[%clk 1:20:37]} Nd4 {[%clk 0:33:45]} 18. c3 {[%clk 1:08:55]}
Nxf3+ {[%clk 0:31:04]} 19. Qxf3 {[%clk 1:09:17]} Nxd5 {[%clk 0:19:21]} 20. exd5
{[%clk 1:07:26]} f6 {[%clk 0:19:02]} 21. Qg3 {[%clk 0:57:54]} Bf5 {[%clk
0:17:44]} 22. f4 {[%clk 0:56:42]} e4 {[%clk 0:18:00]} 23. Qf2 {[%clk 0:56:53]}
Qd7 {[%clk 0:17:43]} 24. h3 {[%clk 0:48:08]} Bg6 {[%clk 0:16:25]} 25. Be3 {[%clk
0:48:12]} f5 {[%clk 0:16:30]} 26. a5 {[%clk 0:47:07]} Rb7 {[%clk 0:13:05]} 27.
Reb1 {[%clk 0:44:45]} Rdb8 {[%clk 0:11:56]} 28. Rb2 {[%clk 0:39:44]} h6 {[%clk
0:11:47]} 29. Rab1 {[%clk 0:39:28]} Be8 {[%clk 0:08:32]} 30. g4 {[%clk 0:29:26]}
bxa5 {[%clk 0:08:30]} 31. Bxc5 {[%clk 0:27:34]} Rxb2 {[%clk 0:08:23]} 32. Rxb2
{[%clk 0:27:58]} Rxb2 {[%clk 0:08:36]} 33. Qxb2 {[%clk 0:28:23]} fxg4 {[%clk
0:08:47]} 34. Qb8 {[%clk 0:24:42]} gxh3 {[%clk 0:08:24]} 35. Kh2 {[%clk 0:14:11]}
Kh7 {[%clk 0:07:51]} 36. Be3 {[%clk 0:13:49]} Qg4 {[%clk 0:05:08]} 37. Qb2 {[%clk
0:14:06]} Bf7 {[%clk 0:03:16]} 38. Qf2 {[%clk 0:12:26]} a4 {[%clk 0:03:12]} 39.
Bxa7 {[%clk 0:12:39]} a3 {[%clk 0:02:56]} 40. d6 {[%clk 0:40:32]} Bxc4 {[%clk
0:32:48]} 41. f5 {[%clk 0:39:59]} a2 {[%clk 0:31:14]} 42. d7 {[%clk 0:37:14]} a1Q
{[%clk 0:31:18]} 43. Bb6 {[%clk 0:37:29]} e3 {[%clk 0:30:10]} 44. Bxe3 {[%clk
0:37:52]} Bd5 {[%clk 0:30:14]} 0-1

[Event "Baku Chess Olympiad | Open"]
[Site "chess24.com"]
[Date "2016.09.10"]
[Round "8"]
[White "Solomon, Kenny"]
[Black "Abdyjapar, Asyl"]
[Result "0-1"]
[Board "1"]
[WhiteID "14300192"]
[WhiteElo "2371"]
[WhiteTitle "GM"]
[WhiteCountry "RSA"]
[WhiteFideId "14300192"]
[WhiteEloChange "-9"]
[BlackID "13800337"]
[BlackElo "2390"]
[BlackTitle "IM"]
[BlackCountry "KGZ"]
[BlackFideId "13800337"]
[BlackEloChange "9"]

1. d4 {[%clk 1:30:58]} Nf6 {[%clk 1:30:55]} 2. Nf3 {[%clk 1:31:23]} e6 {[%clk
1:31:21]} 3. c4 {[%clk 1:31:50]} c5 {[%clk 1:31:47]} 4. d5 {[%clk 1:32:14]} exd5
{[%clk 1:32:14]} 5. cxd5 {[%clk 1:32:40]} d6 {[%clk 1:32:41]} 6. Nc3 {[%clk
1:33:06]} a6 {[%clk 1:33:08]} 7. a4 {[%clk 1:29:06]} g6 {[%clk 1:33:32]} 8. Bf4
{[%clk 1:29:18]} Bg7 {[%clk 1:33:56]} 9. h3 {[%clk 1:29:41]} O-O {[%clk 1:34:19]}
10. e3 {[%clk 1:30:08]} Ne8 {[%clk 1:32:40]} 11. Be2 {[%clk 1:30:25]} Nd7 {[%clk
1:32:49]} 12. O-O {[%clk 1:30:35]} Qe7 {[%clk 1:32:07]} 13. Re1 {[%clk 1:30:03]}
Rb8 {[%clk 1:26:51]} 14. Qc2 {[%clk 1:26:01]} Nc7 {[%clk 1:25:21]} 15. Ne4 {[%clk
1:13:02]} Ne5 {[%clk 1:24:19]} 16. Nxe5 {[%clk 0:58:58]} Bxe5 {[%clk 1:24:05]}
17. Bg5 {[%clk 0:57:42]} f6 {[%clk 1:23:25]} 18. Bh6 {[%clk 0:56:46]} Rf7 {[%clk
1:19:02]} 19. f4 {[%clk 0:29:34]} Bxb2 {[%clk 1:09:49]} 20. Qxb2 {[%clk 0:29:17]}
Qxe4 {[%clk 1:10:12]} 21. Bf3 {[%clk 0:29:44]} Qe7 {[%clk 1:01:42]} 22. e4 {[%clk
0:28:25]} Bd7 {[%clk 0:59:00]} 23. h4 {[%clk 0:25:02]} b5 {[%clk 0:56:10]} 24. h5
{[%clk 0:16:35]} b4 {[%clk 0:50:57]} 25. Qb3 {[%clk 0:12:42]} a5 {[%clk 0:34:23]}
26. Bd1 {[%clk 0:09:38]} Re8 {[%clk 0:30:32]} 27. Qg3 {[%clk 0:08:37]} Kh8 {[%clk
0:22:24]} 28. Bb3 {[%clk 0:02:59]} gxh5 {[%clk 0:16:20]} 29. e5 {[%clk 0:03:11]}
Rg8 {[%clk 0:16:21]} 30. Qh2 {[%clk 0:03:15]} Bg4 {[%clk 0:15:14]} 31. e6 {[%clk
0:03:00]} Rfg7 {[%clk 0:14:39]} 32. Bxg7+ {[%clk 0:03:24]} Rxg7 {[%clk 0:13:36]}
33. Re3 {[%clk 0:02:18]} f5 {[%clk 0:11:35]} 34. Rae1 {[%clk 0:02:46]} h4 {[%clk
0:11:30]} 35. Kf2 {[%clk 0:01:49]} Ne8 {[%clk 0:08:48]} 36. Rh1 {[%clk 0:00:45]}
Qf6 {[%clk 0:08:36]} 37. Qxh4 {[%clk 0:01:01]} Qb2+ {[%clk 0:08:40]} 38. Kf1
{[%clk 0:01:06]} Qd4 {[%clk 0:05:50]} 39. Qf2 {[%clk 0:00:40]} c4 {[%clk
0:05:48]} 40. Bc2 {[%clk 0:30:35]} b3 {[%clk 0:33:10]} 41. Bb1 {[%clk 0:14:27]}
c3 {[%clk 0:28:53]} 42. Rd3 {[%clk 0:14:37]} Qc4 {[%clk 0:21:54]} 43. Bc2 {[%clk
0:07:42]} Bd1 {[%clk 0:10:27]} 44. Bxd1 {[%clk 0:01:00]} Qxd3+ {[%clk 0:07:19]}
45. Qe2 {[%clk 0:01:29]} Qxe2+ {[%clk 0:07:33]} 46. Kxe2 {[%clk 0:01:42]} c2
{[%clk 0:07:58]} 47. Bxc2 {[%clk 0:01:09]} Rxg2+ {[%clk 0:08:09]} 48. Kd3 {[%clk
0:01:36]} bxc2 {[%clk 0:08:31]} 49. Kc4 {[%clk 0:01:36]} Rd2 {[%clk 0:07:37]} 50.
Rc1 {[%clk 0:01:38]} Kg7 {[%clk 0:07:39]} 51. Kb5 {[%clk 0:01:42]} Rxd5+ {[%clk
0:07:59]} 52. Kc6 {[%clk 0:01:43]} Rc5+ {[%clk 0:07:24]} 53. Kd7 {[%clk 0:01:35]}
Kf8 {[%clk 0:07:29]} 54. Kd8 {[%clk 0:01:12]} d5 {[%clk 0:07:39]} 55. e7+ {[%clk
0:00:36]} Kf7 {[%clk 0:08:03]} 56. Rh1 {[%clk 0:00:46]} c1Q {[%clk 0:08:27]} 57.
Rxh7+ {[%clk 0:01:02]} Kg6 {[%clk 0:08:49]} 0-1

[Event "Baku Chess Olympiad | Open"]
[Site "chess24.com"]
[Date "2016.09.10"]
[Round "8"]
[White "Atabayev, Yusup"]
[Black "Soors, Stef"]
[Result "1-0"]
[Board "2"]
[WhiteID "14001128"]
[WhiteElo "2453"]
[WhiteTitle "IM"]
[WhiteCountry "TKM"]
[WhiteFideId "14001128"]
[WhiteEloChange "4"]
[BlackID "209511"]
[BlackElo "2398"]
[BlackTitle "IM"]
[BlackCountry "BEL"]
[BlackFideId "209511"]
[BlackEloChange "-8"]

1. e4 {[%clk 1:30:53]} c6 {[%clk 1:30:55]} 2. d4 {[%clk 1:31:18]} d5 {[%clk
1:31:20]} 3. e5 {[%clk 1:31:42]} Bf5 {[%clk 1:31:23]} 4. Nf3 {[%clk 1:32:05]} e6
{[%clk 1:31:36]} 5. Be2 {[%clk 1:32:09]} Nd7 {[%clk 1:31:23]} 6. O-O {[%clk
1:32:25]} Bb4 {[%clk 1:22:58]} 7. Nbd2 {[%clk 1:24:03]} Ba5 {[%clk 1:23:17]} 8.
c3 {[%clk 1:22:03]} Bc7 {[%clk 1:14:10]} 9. Ne1 {[%clk 1:21:37]} c5 {[%clk
1:08:12]} 10. f4 {[%clk 1:21:32]} Ne7 {[%clk 1:01:20]} 11. Ndf3 {[%clk 1:19:19]}
O-O {[%clk 0:56:48]} 12. Be3 {[%clk 1:14:00]} c4 {[%clk 0:50:43]} 13. Nd2 {[%clk
1:11:17]} h6 {[%clk 0:47:44]} 14. g4 {[%clk 1:10:09]} Bh7 {[%clk 0:40:10]} 15.
Ng2 {[%clk 1:09:32]} f6 {[%clk 0:25:22]} 16. Nf3 {[%clk 1:05:23]} Nc6 {[%clk
0:25:50]} 17. b4 {[%clk 0:59:18]} b5 {[%clk 0:23:22]} 18. a4 {[%clk 0:59:41]} a5
{[%clk 0:17:37]} 19. axb5 {[%clk 0:55:53]} Na7 {[%clk 0:18:05]} 20. b6 {[%clk
0:54:41]} Bxb6 {[%clk 0:16:54]} 21. Qa4 {[%clk 0:52:35]} axb4 {[%clk 0:08:26]}
22. Qxb4 {[%clk 0:52:57]} Qc7 {[%clk 0:08:12]} 23. f5 {[%clk 0:49:42]} Nc6 {[%clk
0:08:22]} 24. Qb5 {[%clk 0:50:02]} Rxa1 {[%clk 0:05:14]} 25. Rxa1 {[%clk
0:50:22]} fxe5 {[%clk 0:02:47]} 26. fxe6 {[%clk 0:50:29]} exd4 {[%clk 0:02:31]}
27. Qxd5 {[%clk 0:44:27]} Nf6 {[%clk 0:01:20]} 28. Qxc4 {[%clk 0:44:53]} dxe3
{[%clk 0:00:49]} 29. e7+ {[%clk 0:45:16]} Rf7 {[%clk 0:00:59]} 30. Ra8+ {[%clk
0:45:37]} Nb8 {[%clk 0:00:51]} 31. Ne5 {[%clk 0:45:44]} Bg6 {[%clk 0:00:37]} 32.
Nxg6 {[%clk 0:44:03]} Qxc4 {[%clk 0:00:32]} 33. Bxc4 {[%clk 0:44:27]} e2+ {[%clk
0:00:59]} 34. Kh1 {[%clk 0:44:53]} Nxg4 {[%clk 0:00:40]} 35. e8Q+ {[%clk
0:45:09]} Kh7 {[%clk 0:01:09]} 36. Qxf7 {[%clk 0:45:09]} Nf2+ {[%clk 0:01:01]}
37. Qxf2 {[%clk 0:45:33]} 1-0